Statistiken für Hauptstädte der Länder, die mit N beginnen

Klicken Sie hier um das Quiz zu spielen!

Allgemein

  • Dieses Quiz wurde 125 mal gespielt
  • Das Durchschnittsergebnis liegt bei 7 aus 9

Antwortstatistiken

N LandHauptstadt% Korrekt
NiederlandeAmsterdam
100%
NorwegenOslo
99%
NeuseelandWellington
93%
NepalKathmandu
87%
NamibiaWindhoek
79%
NicaraguaManagua
74%
NigerNiamey
59%
NigeriaAbuja
57%
NauruYaren
40%

Verteilung der Resultate

Perzentil nach korrekt beantworteten Fragen

Anzahl Personen mit jedem Resultat

Ihre Resultats-Entwicklung

Sie haben dieses Quiz noch nicht gespielt